000 00564nam a2200193Ia 4500
999 _c64793
_d64793
003 GCL
005 20240530110751.0
008 140319s9999 xx 000 0 ara d
040 _aGCL /
_cGCL
082 0 4 _a683.8 \
_bف م
100 1 _aفاروق سيد حسين
245 1 0 _aالثلاجات والسشوار /
_cفاروق سيد حسين
300 _a48 ص
490 _aموسوعة الاجهزة المنزلية الالكترونية
_v0
650 0 4 _aالصيانة
650 0 4 _aالثلاجات
650 0 4 _aالسشوار
942 _2ddc
_cBK